000
00362nam a2200169Ia 4500
001
2507
005
20250626025140.0
008
211022s9999 xx 000 0 und d
082
_a
150 HUS
100
_a
Husain, Karamat
245
0
_a
Elements of Psychology
260
_a
Karachi
260
_b
M. R. Brothers
260
_c
1993
300
_a
340
942
_c
BK
999
_c
2132
_d
2132